000 01124nam a2200241Ia 4500
003 Ost
005 20260507075143.0
008 260507s9999||||xx |||||||||||||| ||und||
020 _a30327199579
040 _cfsecg
041 _aara
082 _a330
100 _aخطاب، جودت جعفر
_eمؤلف
245 0 _aإعادة هيكلة المصارف :
_bدراسة تطبيقية /
_c جودت جعفر خطاب
260 _aعمان:
_bدار دجلة,
_c2009
300 _a256 صفحة؛
_bإيضاحات ؛
_c24 سم
504 _aمراجع ص.235 ؛ ملاحق ص.231 ؛ اقتني 5 نسخ سنة 2010
520 _aالمنهجية ووصف مجتمع البحث- المسيرة التاريخية للجهاز المصرفي في العراق- إعادة الهيكلة- تجارب بعض الدول في ميدان هيكلة النظام المصرفي- الإطار العلمي للبحث- الإستنتاجات والمشروع المقترح لإعادة الهيكلة
653 _aالاقتصاد المالي
653 _aالبنوك
653 _aالمصارف
942 _cكتاب
999 _c43309
_d43309